Global media discourse : (Record no. 2140)

MARC details
000 -LEADER
fixed length control field 00917nam a22003017a 4500
003 - CONTROL NUMBER IDENTIFIER
control field BD-DhJNU
005 - DATE AND TIME OF LATEST TRANSACTION
control field 20250921045631.0
008 - FIXED-LENGTH DATA ELEMENTS--GENERAL INFORMATION
fixed length control field 250921b |||||||| |||| 00| 0 eng d
020 ## - INTERNATIONAL STANDARD BOOK NUMBER
International Standard Book Number 0203007476
020 ## - INTERNATIONAL STANDARD BOOK NUMBER
International Standard Book Number 0415359457
020 ## - INTERNATIONAL STANDARD BOOK NUMBER
International Standard Book Number 9780415359450
020 ## - INTERNATIONAL STANDARD BOOK NUMBER
International Standard Book Number 9780415359467
020 ## - INTERNATIONAL STANDARD BOOK NUMBER
International Standard Book Number 0415359465
020 ## - INTERNATIONAL STANDARD BOOK NUMBER
International Standard Book Number 9780203007471
040 ## - CATALOGING SOURCE
Original cataloging agency BD-DhJNU
Language of cataloging ENG
Transcribing agency BD-DhJNU
Modifying agency BD-DhJNU
082 ## - DEWEY DECIMAL CLASSIFICATION NUMBER
Edition number 23
Classification number 302.2 MAG
100 ## - MAIN ENTRY--PERSONAL NAME
Personal name Machin, David
245 ## - TITLE STATEMENT
Title Global media discourse :
Remainder of title a critical introduction /
Statement of responsibility, etc. David Machin and Theo van Leeuwen
260 ## - PUBLICATION, DISTRIBUTION, ETC.
Place of publication, distribution, etc. New York :
Name of publisher, distributor, etc. Routledge Taylor & Francis Group,
Date of publication, distribution, etc. 2007.
300 ## - PHYSICAL DESCRIPTION
Extent viii, 188p. :
Other physical details ill. ;
Dimensions 24 cm.
504 ## - BIBLIOGRAPHY, ETC. NOTE
Bibliography, etc. note Includes bibliographical references and index
650 ## - SUBJECT ADDED ENTRY--TOPICAL TERM
Topical term or geographic name entry element Communication, International
650 ## - SUBJECT ADDED ENTRY--TOPICAL TERM
Topical term or geographic name entry element Globalization
650 ## - SUBJECT ADDED ENTRY--TOPICAL TERM
Topical term or geographic name entry element Globalisering
650 ## - SUBJECT ADDED ENTRY--TOPICAL TERM
Topical term or geographic name entry element Massmedia
700 ## - ADDED ENTRY--PERSONAL NAME
Personal name Leeuwen, Theo Van
942 ## - ADDED ENTRY ELEMENTS (KOHA)
Source of classification or shelving scheme Dewey Decimal Classification
Koha item type Books
Suppress in OPAC No
Holdings
Withdrawn status Lost status Source of classification or shelving scheme Damaged status Not for loan Collection Home library Current library Shelving location Date acquired Source of acquisition Total checkouts Full call number Barcode Date last seen Copy number Price effective from Koha item type
    Dewey Decimal Classification     Non-fiction Jagannath University Central Library Jagannath University Central Library General stacks 09/21/2025 Purchased   302.2 MAG JNUCL35773 09/21/2025 1 09/21/2025 Books